| 000 | 00649nam a22002295i 4500 | ||
|---|---|---|---|
| 001 | 10743 | ||
| 003 | ES-MaACL | ||
| 005 | 20230906145941.0 | ||
| 007 | t| | ||
| 008 | 940906s1993 sp ||||0| spa j | ||
| 020 | _a84-87705-11-1 | ||
| 040 |
_aM-BN _bspa _cM-BN |
||
| 080 | _a239:282 | ||
| 080 | _a282:239 | ||
| 100 | 1 |
_aRoquizo Ley, Emilio. _999557 |
|
| 245 | 1 | 0 |
_aPrensa diaria y religión _b: laicocracia - 1 / _cEmilio Roquizo Ley. |
| 260 |
_aZaragoza : _bYalde, _cD.L. 1993. |
||
| 300 |
_a241 p ; _c20 cm. |
||
| 500 | _aIndice. | ||
| 610 | 2 | 7 |
_aIglesia Católica- _vObras de controversia. _94654 |
| 852 |
_aES-MaACL _jL-18094 _bR.124392 |
||
| 999 |
_c10743 _d10743 |
||